| 000 | 00486cam a2200193 4500 | ||
|---|---|---|---|
| 001 | D3314 | ||
| 008 | 090401t1981 xxu||||| |||| 00| 0 eng d | ||
| 035 | _a(Sirsi) u72756 | ||
| 041 | _aeng | ||
| 050 | _a624.176 | ||
| 100 | _aEaton, K.J. | ||
| 245 | _aBuildings and tropical wind storms | ||
| 260 |
_aGarston, Watford _bBuilding Research Establishment _c1981 |
||
| 300 | _a4p. ill. 30cm | ||
| 350 | _a0 | ||
| 490 |
_aInformation Paper _v23/81 |
||
| 942 | _n0 | ||
| 948 | _c04/03/1997 | ||
| 999 |
_c95527 _d95527 |
||